Komunikácia projektu vo vybranom podniku diplomová práca

Guardado en:
Detalles Bibliográficos
Autor principal: Habánek, Andrej
Autor Corporativo: Fakulta podnikového manažmentu EU. Katedra manažmentu
Otros Autores: Matulčíková, Marta, 1964-
Formato: Libro
Lenguaje:eslovaco
Publicado: Bratislava 2025
Etiquetas: Agregar Etiqueta
Sin Etiquetas, Sea el primero en etiquetar este registro!

MARC

LEADER 00000nbm a2200000 4500
001 0309853
005 20260324111607.2
041 0 |a slo 
044 |a SK 
245 1 0 |a Komunikácia projektu vo vybranom podniku  |b diplomová práca  |c Andrej Habánek ; školiteľ: Marta Matulčíková 
264 1 |a Bratislava  |c 2025 
300 |a 73 s. 
100 1 |a Habánek, Andrej 
700 1 |a Matulčíková, Marta, 1964- 
710 2 |a Fakulta podnikového manažmentu EU. Katedra manažmentu